Statistiken für Länder, die Tunisien am Nächsten Liegen - 30 Sekunden Sprint

Klicken Sie hier um das Quiz zu spielen!

Allgemein

  • Dieses Quiz wurde 47 mal gespielt
  • Das Durchschnittsergebnis liegt bei 6 aus 20

Antwortstatistiken

KmLand% Korrekt
0Libyen
92%
0Algerien
89%
807Marokko
83%
71Italien
72%
498Spanien
72%
288Malta
64%
450Frankreich
33%
702San Marino
25%
554Vatikanstadt
22%
787Griechenland
19%
786Niger
19%
921Schweiz
14%
700Monaco
8%
856Andorra
6%
805Albanien
3%
871Kroatien
3%
870Bosnien und
Herzegowina
0%
937Mazedonien
0%
874Montenegro
0%
957Slowenien
0%

Verteilung der Resultate

Perzentil nach korrekt beantworteten Fragen

Anzahl Personen mit jedem Resultat

Ihre Resultats-Entwicklung

Sie haben dieses Quiz noch nicht gespielt